Strednodobá prognóza vývoja ekonomiky SR v rokoch 2009-2013

Použitie makroekonomického ekonometrického modelu Slovenska. Predpoklady prognózy. Faktory vonkajšieho a vnútorného prostredia. Vývoj základných ukazovateľov trhu práce, vzťahu mzdy a produktivity práce, spotrebiteľských cien a cien priemyselných výrobcov, vývoj príjmov, výdavkov a deficitu štátneho...

Ausführliche Beschreibung

Gespeichert in:
Bibliographische Detailangaben
1. Verfasser: Kvetan, Vladimír
Weitere Verfasser: Radvanský, Marek
Format: Buchkapitel
Sprache:Slowakisch
Schlagworte:
Tags: Tag hinzufügen
Keine Tags, Fügen Sie das erste Tag hinzu!

MARC

LEADER 00000naa$a2200000$$$4500
001 0099300
005 20220504110201.6
041 0 |a slo 
044 |a SK 
245 1 0 |a Strednodobá prognóza vývoja ekonomiky SR v rokoch 2009-2013  |c Vladimír Kvetan, Marek Radvanský 
520 |a Použitie makroekonomického ekonometrického modelu Slovenska. Predpoklady prognózy. Faktory vonkajšieho a vnútorného prostredia. Vývoj základných ukazovateľov trhu práce, vzťahu mzdy a produktivity práce, spotrebiteľských cien a cien priemyselných výrobcov, vývoj príjmov, výdavkov a deficitu štátneho rozpočtu. 
610 2 0 |a prognózovanie 
610 2 0 |a prognózy 
610 2 0 |a prognózy strednodobé 
610 2 0 |a modely ekonometrické 
610 2 0 |a modely makroekonomické 
610 2 0 |a kríza hospodárska 
610 2 0 |a Slovensko 
610 2 0 |a metódy štatistické 
610 2 0 |a štatistika aplikovaná 
610 2 0 |a štatistika 
100 1 |a Kvetan, Vladimír 
700 1 |a Radvanský, Marek